[Event "First Saturday 2009 november FM-B"]
[Site "Budapest"]
[Date "2009.11.14"]
[Round "8"]
[White "Kelemen, Lajos dr"]
[Black "Horvath, Zoltan"]
[Result "0-1"]
[WhiteElo "1516"]
[BlackElo "1605"]
[PlyCount "74"]
[EventDate "2009.11.07"]

1. Nf3 Nf6 2. c4 c5 3. g3 g6 4. Bg2 Bg7 5. O-O O-O 6. e3 e6 7. d4 cxd4 8. exd4
d6 9. Re1 Re8 10. Nc3 Nc6 11. a3 a5 12. Bf4 Nh5 13. Be3 Rb8 14. Nb5 d5 15. c5
Bf8 16. a4 b6 17. Qc1 bxc5 18. dxc5 Ba6 19. Bf1 Bxb5 20. axb5 Nb4 21. c6 Bd6
22. Bc5 Bxc5 23. Qxc5 Qc7 24. Ne5 Nf6 25. f3 h5 26. h4 Kg7 27. Ra4 Red8 28.
Rea1 Qxe5 29. Qf2 Nxc6 30. bxc6 Rxb2 31. Qe1 Qc7 32. Bb5 Rxb5 33. Rc1 d4 34.
Kh2 d3 35. Ra2 e5 36. Kh3 Rd4 37. Rd2 Rbd5 0-1

[Event "First Saturday 2009 november FM-B"]
[Site "Budapest"]
[Date "2009.11.15"]
[Round "9"]
[White "Horvath, Zoltan"]
[Black "Vinnay, Istvan"]
[Result "1/2-1/2"]
[WhiteElo "1605"]
[BlackElo "1791"]
[PlyCount "88"]
[EventDate "2009.11.07"]

1. e4 c5 2. Nf3 e6 3. d4 cxd4 4. Nxd4 Nf6 5. Nc3 d6 6. Be3 Be7 7. Be2 a6 8. a4
b6 9. O-O Qc7 10. Qe1 Bb7 11. Bd3 Nc6 12. f4 O-O 13. Qg3 Rac8 14. f5 Nxd4 15.
Bxd4 e5 16. Be3 Kh8 17. Rac1 d5 18. exd5 Nxd5 19. Nxd5 Bxd5 20. Bxa6 Rcd8 21.
b3 f6 22. Be2 Ba3 23. Bf3 Bxc1 24. Rxc1 Bxf3 25. Qxf3 Rb8 26. c4 Rfd8 27. Qe2
Qd7 28. g4 Qd3 29. Qe1 Qxb3 30. c5 bxc5 31. Bxc5 Qxa4 32. h3 Rbc8 33. Ra1 Qb5
34. Be3 Qd3 35. Kg2 Rc2+ 36. Kg3 Re2 37. Qg1 Qxe3+ 38. Qxe3 Rxe3+ 39. Kh4 g5+
40. fxg6 hxg6 41. Ra7 Rdd3 42. Ra8+ Kg7 43. Rc8 g5+ 44. Kh5 Rxh3# 1/2-1/2

[Event "First Saturday 2009 november FM-B"]
[Site "Budapest"]
[Date "2009.11.15"]
[Round "9"]
[White "Toth, Antal"]
[Black "Hetesi, Zoltan"]
[Result "1-0"]
[WhiteElo "1665"]
[BlackElo "1547"]
[PlyCount "61"]
[EventDate "2009.11.07"]

1. e4 e6 2. d4 d5 3. exd5 exd5 4. c3 c5 5. Nf3 Bg4 6. Be3 cxd4 7. cxd4 Nf6 8.
Be2 Nc6 9. O-O Bd6 10. Nc3 O-O 11. a3 Re8 12. Re1 Bc7 13. h3 Bf5 14. Bd3 Ne4
15. Rc1 Re6 16. Kf1 Rg6 17. Nb5 Rc8 18. Nxc7 Rxc7 19. Bf4 Re7 20. Nh4 Rf6 21.
Bxe4 Rxe4 22. Rxe4 dxe4 23. Bg5 e3 24. Nxf5 Qd5 25. Bxf6 Qxf5 26. Bh4 h5 27.
Qf3 e2+ 28. Qxe2 Qf4 29. Re1 Qxh4 30. Qe8+ Kh7 31. Qe4+ 1-0

[Event "First Saturday 2009 november FM-B"]
[Site "Budapest"]
[Date "2009.11.15"]
[Round "9"]
[White "Csata, Marcell"]
[Black "Szoukup, Helga"]
[Result "1-0"]
[WhiteElo "1891"]
[BlackElo "1933"]
[PlyCount "169"]
[EventDate "2009.11.07"]

1. e4 c6 2. d3 d5 3. Nd2 e5 4. Ngf3 Nd7 5. g3 Ngf6 6. Bg2 dxe4 7. dxe4 Bc5 8.
O-O O-O 9. Qe2 Re8 10. a3 a5 11. b3 b5 12. Bb2 Ba6 13. Ne1 b4 14. Nd3 bxa3 15.
Bxa3 Bxa3 16. Rxa3 Nc5 17. Nc4 Qd4 18. Rxa5 Bxc4 19. Rxa8 Rxa8 20. bxc4 Qxc4
21. Re1 Nfd7 22. Nxc5 Qxe2 23. Rxe2 Ra1+ 24. Bf1 Nxc5 25. f3 Rc1 26. Kf2 Ne6
27. Rd2 Nd4 28. Bd3 Rh1 29. Ke3 Re1+ 30. Kf2 Rc1 31. Ke3 Kf8 32. f4 f6 33. fxe5
fxe5 34. Rf2+ Ke7 35. Kd2 Rh1 36. Ke3 g6 37. c3 Ne6 38. Bc4 Ng5 39. h4 Ne6 40.
Bxe6 Kxe6 41. Rd2 Rc1 42. Rd3 Re1+ 43. Kf3 Rc1 44. Ke3 Rc2 45. Kf3 h6 46. g4
Rc1 47. Kf2 Rh1 48. Rd8 Rxh4 49. Kg3 Rh1 50. Re8+ Kd6 51. Rg8 g5 52. Rg6+ Kc5
53. Re6 Rc1 54. Rxe5+ Kd6 55. Rf5 Rxc3+ 56. Kf2 Rd3 57. Rf6+ Kd7 58. Rxh6 Rd6
59. Rh5 Rg6 60. Ke3 c5 61. e5 c4 62. Kd4 Ke6 63. Rh7 c3 64. Rc7 Rg8 65. Rc6+
Kd7 66. Rxc3 Ra8 67. Kd5 Ra1 68. e6+ Kd8 69. Ke5 Rf1 70. Rd3+ Ke8 71. Rd4 Ke7
72. Rd7+ Ke8 73. Rg7 Rg1 74. Rxg5 Kf8 75. Kf6 Re1 76. Rf5 Re2 77. g5 Ra2 78. g6
Ra7 79. Kg5+ Ke8 80. Rf7 Ra1 81. Kf6 Rf1+ 82. Kg7 Rh1 83. Rf5 Rh2 84. Kf6 Rh8
85. g7 1-0

[Event "First Saturday 2009 november FM-B"]
[Site "Budapest"]
[Date "2009.11.15"]
[Round "9"]
[White "Kron, Gabor"]
[Black "Szoukup, Istvan"]
[Result "0-1"]
[WhiteElo "1838"]
[BlackElo "1730"]
[PlyCount "92"]
[EventDate "2009.11.07"]

1. Nf3 Nf6 2. c4 g6 3. Nc3 d5 4. cxd5 Nxd5 5. Nxd5 Qxd5 6. g3 Bg7 7. Bg2 O-O 8.
O-O Nc6 9. d3 Nd4 10. e3 Nxf3+ 11. Bxf3 Qb5 12. Qc2 Bh3 13. Rd1 c6 14. Rb1 Be6
15. b4 Rfd8 16. a4 Qf5 17. Be4 Qg4 18. Bg2 Ba2 19. Rb2 Bxb2 20. Bxb2 Qxb4 21.
Qc1 Bb3 22. Rd2 Bxa4 23. Ba3 Qb3 24. Bf1 Rd7 25. d4 a5 26. Bc4 Qb6 27. Be2 Bb3
28. Bg4 e6 29. Rb2 a4 30. Qc3 Qa5 31. Bb4 Qg5 32. Bf3 Qf6 33. Kg2 Rd5 34. Bc5
Rf5 35. e4 Rxf3 36. Qxf3 Qxf3+ 37. Kxf3 a3 38. Rb1 a2 39. Ra1 Bc2 40. Ke3 Bb1
41. f3 Ra4 42. Kd2 Rc4 43. f4 b5 44. e5 b4 45. Kd1 b3 46. Ba3 Rc2 0-1